000 01286nam a2200241 i 4500
001 151502
003 ES-MaACL
005 20250727021935.0
008 050822s1890 fr |||| | fre d
245 0 2 _aL'anthropométrie judiciaire a Paris en 1889
_b: installations et plans des locaux, récents perfectionnements, une expérience de sociologie bureaucratique.
260 _aLyon :
_bA. Storck ;
_aParis :
_bG. Steinheil,
_c1890.
300 _a26 p. :
_bil. ;
_c25 cm.
490 1 _aBibliotheque d'anthropologie criminelle et des sciences pénales ;
_v64
594 _aTodos los datos tomados de la cub. original.
650 4 _aCriminología.
_9135832
650 0 7 _aAntropología criminal
_2embne
_99866
830 0 _aBibliotheque d'anthropologie criminelle et des sciences pénales ;
_v64
_9221235
852 _aES-MaACL
_jD-85(9)
_bR.FOLL.5/9
_cSVI
_dOlim: 193-C-19
_fSello en tinta en portada: "Donativo del Sr. Lastres al Ateneo de Madrid"
_gAnotación manuscrita en cubierta: "Folletos penitenciarios. Tomo 9"
_hDonación: Francisco Lastres y Juiz
_xEncuadernado con otras obras formando un volumen facticio
_9156965
903 _aLastres y Juiz, Francisco,
_d1848-1918
_q1
_ednr
_970504
942 _2udc
_cFOLLETOS
999 _c151502
_d151502